Statistics for Official Languages of Africa by Country

Click here to take the quiz!

General Stats

  • This quiz has been taken 662 times
  • The average score is 40 of 54

Answer Stats

HintAnswer% Correct
AlgeriaArabic
98%
BeninFrench
86%
AngolaPortuguese
84%
EgyptArabic
83%
South AfricaAfrikaans
81%
Côte d'IvoireFrench
81%
LibyaArabic
79%
CameroonEnglish
79%
ChadFrench
79%
Equatorial GuineaSpanish
79%
MoroccoArabic
78%
KenyaEnglish
78%
Democratic Republic of the CongoFrench
78%
DjiboutiFrench
78%
SenegalFrench
78%
ComorosArabic
77%
NigeriaEnglish
77%
SeychellesEnglish
77%
LiberiaEnglish
77%
Republic of the CongoFrench
77%
GabonFrench
77%
RwandaRwanda
77%
TunisiaArabic
76%
Sierra LeoneEnglish
76%
GhanaEnglish
76%
Burkina FasoFrench
76%
GuineaFrench
76%
TanzaniaSwahili
76%
SudanArabic
75%
Central African RepublicFrench
75%
MaliFrench
75%
NigerFrench
75%
ZimbabweEnglish
74%
MauritiusEnglish
74%
TogoFrench
74%
BurundiFrench
74%
Cape VerdePortuguese
74%
ZambiaEnglish
73%
GambiaEnglish
73%
UgandaEnglish
73%
NamibiaEnglish
73%
SwazilandEnglish
73%
MadagascarFrench
73%
São Tomé and PríncipePortuguese
73%
MauritaniaArabic
72%
LesothoSesotho
72%
EritreaArabic
71%
MalawiEnglish
70%
South SudanArabic
69%
SomaliaSomali
69%
Guinea-BissauPortuguese
68%
MozambiquePortuguese
68%
EthiopiaAmharic
60%
BotswanaSetswana
24%

Score Distribution

Percentile by Number Answered

Percent of People with Each Score

Your Score History

You have not taken this quiz